• 首页
  • 本馆介绍
  • 公告通知
  • 最新文献
  • 馆藏检索
  • 电子资源
  • 读者导购
  • 参考咨询
  • 我的图书馆
  • 登录
  • 详细信息显示
  • 放入我的书架
  • 预约/预借图书
  • 作者相关作品
  • 分类相关作品
  • 丛书相关作品
  • 出版社相关作品

书目信息

  • 表格格式
  • 工作单格式
  • 卡片格式
题名:
图说中国史
    
 
作者: 龚书铎 , 刘德麟 主编
分册:   明
出版信息: 成都   四川人民出版社  2019.6
页数: 233页
开本: 24cm
丛书名:
单 册:
中图分类: K209 , K248.09
科图分类:
主题词: 中国历史--zhong guo li shi--通俗读物 , 明代--ming dai--古代史--通俗读物
电子资源:
ISBN: 978-7-220-11121-1
000 01042nam0 2200313 450
001 2156212758
005 20211011172911.0
010    @a978-7-220-11121-1@dCNY35.80
100    @a20191011d2019 em y0chiy50 ea
101 0  @achi
102    @aCN@b510000
105    @aa z 000yy
106    @ar
200 1  @a图说中国史@Atu shuo zhong guo shi@dHistory of China@i明@e万里长城拱卫的社会@f龚书铎,刘德麟主编@zeng
210    @a成都@c四川人民出版社@d2019.6
215    @a233页@c图@d24cm
300    @a日知图书
330    @a本书讲述了1368年朱元璋建立明朝政权到1644年李自成攻陷北京、明朝灭亡的200多年的历史。
510 1  @aHistory of China@zeng
517 1  @a明@Aming
517 1  @a万里长城拱卫的社会@Awan li chang cheng gong wei de she hui
606 0  @a中国历史@Azhong guo li shi@j通俗读物
606 0  @a明代@Aming dai@x古代史@j通俗读物
690    @aK209@v5
690    @aK248.09@v5
701  0 @a龚书铎@Agong shu duo@4主编
701  0 @a刘德麟@Aliu de lin@4主编
801  0 @aCN@b百万庄@c20211005
905    @b1304246-49@dK209@e159@f4
    
    图说中国史=History of China.明:万里长城拱卫的社会/龚书铎,刘德麟主编.-成都:四川人民出版社,2019.6
    233页:图;24cm
    日知图书
    
    ISBN 978-7-220-11121-1:CNY35.80
    本书讲述了1368年朱元璋建立明朝政权到1644年李自成攻陷北京、明朝灭亡的200多年的历史。
●
相关链接 在E读中查询图书 在五车中查询图书 在当当中查询图书 在豆瓣中查询图书


正题名:图说中国史     索取号:K209/159         预约/预借

序号 登录号 条形码 馆藏地/架位号 状态 备注
1 1304246   213042465   第二样本阅览室/ [索取号:K209/159] 在馆    
2 1304247   213042474   第二借阅区/ [索取号:K209/159] 在馆    
3 1304248   213042483   第二借阅区/ [索取号:K209/159] 在馆    
4 1304249   213042492   第二借阅区/ [索取号:K209/159] 在馆    
唐山师范学院图书馆 欢迎您!
大连网信软件有限公司© 版权所有